|
|
|
|
| LEADER |
00000nab a2200000 a 4500 |
| 001 |
vtls009006161 |
| 003 |
SK-MaSNL |
| 005 |
20260303065729.0 |
| 008 |
140416c2007 xo |||||||||||000 b|slo |
| 015 |
|
|
|a SNBRB2007/07
|2 snkbucl
|
| 038 |
|
|
|a SNKBUCL
|
| 040 |
|
|
|a SNKBUCL
|b slo
|c SNKBUCL
|e AACR2
|
| 041 |
0 |
|
|a slo
|
| 044 |
|
|
|a xo
|c SK
|
| 080 |
|
|
|a 621.316.9:621.315
|2 2001
|
| 080 |
|
|
|a 621.315
|2 2001
|
| 245 |
0 |
0 |
|a Špeciálna prepäťová a nadpäťová ochrana pre MaR
|
| 300 |
|
|
|b Obr.
|
| 650 |
0 |
7 |
|a oznamovacie vedenia
|2 snkbucl
|9 513826
|
| 650 |
0 |
7 |
|a prepäťová ochrana
|2 snkbucl
|9 407732
|
| 650 |
0 |
7 |
|a nadpäťová ochrana
|2 snkbucl
|9 1066188
|
| 650 |
0 |
7 |
|a Saltek DM-24 Secure (prepäťová a nadpäťová ochrana)
|2 snkbucl
|9 1066189
|
| 773 |
0 |
|
|t AT&P journal
|g Roč. XIV, č. 5 (2007), s. 60
|x 1335-2237
|
| 852 |
|
|
|a SNK
|b KIS3GCP
|
| 999 |
|
|
|c 1752399
|d 1754329
|